| 000 | 00425nam a22001697a 4500 | ||
|---|---|---|---|
| 003 | CEME | ||
| 005 | 20210628202415.0 | ||
| 008 | 210105b xxu||||| |||| 00| 0 eng d | ||
| 020 | _a0071642668 | ||
| 040 | _cceme | ||
| 082 | _a623.893 FAR | ||
| 100 |
_aFarrell, Jay A _959789 |
||
| 245 | _aAided navigation, gps with high rate sensors | ||
| 260 |
_aNEW YORK _bMCGRAW HILL _c2008 |
||
| 300 | _aXXI, 530P | ||
| 942 |
_cBK _2ddc |
||
| 999 |
_c569680 _d569680 |
||